| 000 | 00487cam a2200181ua 4500 | ||
|---|---|---|---|
| 001 | 1233 | ||
| 008 | 110621n ii |||gr||||Z||||||eng | ||
| 040 | _cMAIN | ||
| 082 | _a330.954 | ||
| 245 | 1 |
_aBharatiya arthanity. : _bear poribordhita roop. / _cBy Pranab Kumar Dhar. |
|
| 250 | _a1st. | ||
| 260 |
_aNew Delhi.: _bKalyani publishers.,994. |
||
| 300 |
_axx, 535 p.: _c21 cm. |
||
| 653 | _aEconomics. | ||
| 653 | _aBharatiya arthanity. | ||
| 700 | _aDhar, Pranab Kumar., | ||
| 942 | _cBK | ||
| 999 |
_c1138 _d1138 |
||